Revista Quaestiones Disputatae

Bibliographic Details
Format: Journal
Language:Spanish
Published: Bogot ̀: Universidad de Santo Toms̀, 2006-
Subjects:
Online Access:http://www.vlex.com/source/7284

MARC

LEADER 00000nas a22000007a 4500
005 20130503141753.0
007 cr|||| ||||
008 130503c2006 ck fr|p s|||| 0|||b1spa d
035 |a 7284 
040 |a vLex 
090 |c 4276  |d 4276 
245 0 0 |a Revista Quaestiones Disputatae  |h [Recurso electrn̤ico] 
256 |a Servicio en ln̕ea 
260 |a Bogot ̀:  |b Universidad de Santo Toms̀,   |c 2006- 
300 |a 1 Recurso electrn̤ico 
506 |d vLex Global  |d vLex Global (Academic Edition, excluding Law Schools)  |d vLex Global (U.S. Academic Edition, Law Schools)  |d vLex Global (U.S. Academic Edition, excluding Law Schools)  |d vLex Global (Academic Edition, Law Schools) 
650 0 4 |a Filosofa̕  |v Revista 
740 |a vLex Revistas (Servicio en ln̕ea) 
856 |a Acceso restringido  |u http://www.vlex.com/source/7284 
942 |c REV 
999 0 |a Philosophy